| 000 | 00582nam a2200217Ia 4500 | ||
|---|---|---|---|
| 003 | OSt | ||
| 005 | 20230606153528.0 | ||
| 008 | 210327s9999||||xx |||||||||||||| ||und|| | ||
| 040 | _cSTCPL | ||
| 041 | _aENG | ||
| 082 |
_a540.212 _bGAR-F |
||
| 245 | 0 |
_aFortunes in formulas / _cedited by Gardner D. Hiscox and T. Oconnor Sloane |
|
| 260 |
_aNew Delhi : _bKalyani publishers , _c1976 . |
||
| 300 |
_a867 p. _bPB |
||
| 650 | _aChemistry | ||
| 650 | _aLaboratary methods | ||
| 700 | _aHiscox, Gardner D (ed. ) | ||
| 700 | _aSloane, T Oconnor (ed.) | ||
| 942 | _cBK | ||
| 942 | _2ddc | ||
| 999 |
_c27667 _d27667 |
||